Etica nicomáquea

Uloženo v:
Podrobná bibliografie
Hlavní autor: Aristóteles, 384 a.C.- 322 a.C (Autor)
Další autoři: Gómez Robledo, Antonio (traductor)
Médium: Kniha
Jazyk:španělština
Vydáno: Ciudad de México Porrua 1979
Vydání:8a. ed
Témata:
Tagy: Přidat tag
Žádné tagy, Buďte první, kdo vytvoří štítek k tomuto záznamu!

MARC

LEADER 00000nam a2200000 a 4500
001 UCX2468
003 CL-VaPUC
005 20241127085250.0
008 910516e19790000MX |||||||||||||||||spa|d
999 |c 223481  |d 223479 
040 |c Pontificia Universidad Católica de Valparaíso 
082 0 4 |a 185  |b ARI  |2 21 
100 |a Aristóteles,  |d 384 a.C.- 322 a.C.  |e author  |9 194 
245 1 0 |a Etica nicomáquea 
246 1 0 |a Política 
250 |a 8a. ed 
260 |a Ciudad de México  |b Porrua  |c 1979 
300 |a 319 p 
583 |a last modification  |c 19910516 00:00:00  |k Rodrigo Vera 
650 0 |a Filosofía  |9 255312  |x Etica  |x Politica de Aristoteles 
700 1 |a Gómez Robledo, Antonio  |e traductor  |9 863945 
942 |c BK  |2 ddc 
945 |d 19910516 00:00:00 
952 |0 0  |1 0  |4 0  |6 185_000000000000000_ARI_1979  |7 0  |8 R  |9 219294  |a BIBEDU  |b BIBEDU  |c MCIRC  |d 2019-11-15  |i 2880768  |o 185 ARI 1979  |p 2880768  |r 2023-01-13  |w 2019-11-15  |y BK_R  |k FIL 
952 |0 0  |1 0  |4 0  |6 185_000000000000000_ARI_1979  |7 0  |8 R  |9 219295  |a BIBEDU  |b BIBEDU  |c MCIRC  |d 2019-11-15  |i 3159884  |o 185 ARI 1979  |p 3159884  |r 2023-01-13  |w 2019-11-15  |y BK_R  |k LIT